| 000 | 00355nam a2200145Ia 4500 | ||
|---|---|---|---|
| 999 |
_c24614 _d24614 |
||
| 003 | 0100 | ||
| 005 | 20181008115825.0 | ||
| 008 | 130303s9999 xx 000 0 und d | ||
| 040 | _cARRUPELIB | ||
| 050 | _aBX2179.L8F561983 | ||
| 245 | _aNotes on the spiritual exercises of St. Ignatius of Loyola | ||
| 260 |
_aSt Louis _bReview for Religious _c1983 |
||
| 300 | _a331p | ||
| 700 |
_aFleming, David L _942794 _eed. |
||
| 942 | 0 | 0 |
_02 _2lcc _cMONOGRAPH |